[Event "V Torneio Cidade de Leiria"]
[Site "Leiria POR"]
[Date "2017.07.16"]
[Round "5.1"]
[White "Bray, Daniel"]
[Black "Brodowski, Piotr"]
[Result "1-0"]
[BlackElo "2442"]
[WhiteElo "2165"]
[LiveChessVersion "1.4.8"]

1. d4 {[%clk 1:30:43]} g6 {[%clk 1:30:31]} 2. c4 {[%clk 1:30:47]} Bg7
{[%clk 1:30:56]} 3. Nf3 {[%clk 1:28:02]} c5 {[%clk 1:31:08]} 4. d5
{[%clk 1:27:47]} f5 {[%clk 1:31:30]} 5. g3 {[%clk 1:20:01]} d6 {[%clk 1:30:41]}
6. Bg2 {[%clk 1:20:12]} Nf6 {[%clk 1:30:48]} 7. O-O {[%clk 1:20:22]} O-O
{[%clk 1:31:13]} 8. Nc3 {[%clk 1:20:26]} Na6 {[%clk 1:31:39]} 9. Bf4
{[%clk 1:11:51]} h6 {[%clk 1:30:49]} 10. a3 {[%clk 1:08:25]} Nc7 {[%clk 1:31:02]}
11. Rc1 {[%clk 1:05:58]} g5 {[%clk 1:29:11]} 12. Bd2 {[%clk 1:04:42]} e5
{[%clk 1:28:54]} 13. dxe6 {[%clk 1:03:04]} Bxe6 {[%clk 1:28:08]} 14. h4
{[%clk 0:57:07]} g4 {[%clk 1:27:21]} 15. Ne1 {[%clk 0:57:30]} Bxc4
{[%clk 1:27:11]} 16. Bf4 {[%clk 0:57:51]} Ne6 {[%clk 1:16:07]} 17. Bxd6
{[%clk 0:37:04]} Rf7 {[%clk 1:16:32]} 18. Qa4 {[%clk 0:24:04]} Ba6
{[%clk 1:16:56]} 19. Be5 {[%clk 0:23:50]} Nd4 {[%clk 1:16:58]} 20. Nc2
{[%clk 0:22:35]} Ne4 {[%clk 1:10:06]} 21. Nxd4 {[%clk 0:20:22]} Nxc3
{[%clk 0:50:45]} 22. bxc3 {[%clk 0:18:00]} Bxe5 {[%clk 0:51:13]} 23. Nxf5
{[%clk 0:17:24]} Qf6 {[%clk 0:51:37]} 24. Qxg4+ {[%clk 0:15:28]} Kh8
{[%clk 0:52:00]} 25. Be4 {[%clk 0:12:41]} Bb5 {[%clk 0:45:24]} 26. Qh5
{[%clk 0:11:58]} Rh7 {[%clk 0:45:45]} 27. Ne3 {[%clk 0:10:45]} Be8
{[%clk 0:45:32]} 28. Qf5 {[%clk 0:10:52]} Qxf5 {[%clk 0:43:09]} 29. Bxf5
{[%clk 0:11:21]} Rg7 {[%clk 0:43:26]} 30. Kh2 {[%clk 0:09:02]} Bc6
{[%clk 0:43:13]} 31. Ng4 {[%clk 0:07:32]} Bc7 {[%clk 0:43:39]} 32. e4
{[%clk 0:07:21]} Rf8 {[%clk 0:43:58]} 33. Ne3 {[%clk 0:07:12]} c4
{[%clk 0:25:50]} 34. Rcd1 {[%clk 0:06:16]} Ba4 {[%clk 0:24:33]} 35. Rd5
{[%clk 0:06:09]} Bc6 {[%clk 0:23:53]} 36. Rd2 {[%clk 0:04:32]} b5
{[%clk 0:23:01]} 37. Nd5 {[%clk 0:04:50]} Bb8 {[%clk 0:21:06]} 38. Nb4
{[%clk 0:03:32]} Bb7 {[%clk 0:21:34]} 39. Rfd1 {[%clk 0:03:55]} a5
{[%clk 0:21:59]} 40. Rd8 {[%clk 0:04:16]} Rxd8 {[%clk 0:19:29]} 41. Rxd8+
{[%clk 0:04:44]} Rg8 {[%clk 0:19:57]} 42. Rd7 {[%clk 0:03:40]} Rg7
{[%clk 0:20:21]} 43. Nd5 {[%clk 0:04:03]} Rxd7 {[%clk 0:19:33]} 44. Bxd7
{[%clk 0:04:31]} Ba6 {[%clk 0:20:01]} 45. f4 {[%clk 0:04:23]} Bd6
{[%clk 0:20:27]} 46. e5 {[%clk 0:03:29]} Bxa3 {[%clk 0:20:53]} 47. e6
{[%clk 0:03:31]} Bd6 {[%clk 0:21:02]} 48. Nc7 {[%clk 0:03:22]} b4
{[%clk 0:17:33]} 49. Nxa6 {[%clk 0:03:21]} b3 {[%clk 0:17:56]} 50. Ba4
{[%clk 0:02:26]} Kg7 {[%clk 0:18:20]} 51. Kg2 {[%clk 0:02:00]} Kf6
{[%clk 0:18:44]} 52. Kf3 {[%clk 0:01:41]} Kxe6 {[%clk 0:18:59]} 53. g4
{[%clk 0:01:32]} h5 {[%clk 0:18:03]} 54. gxh5 {[%clk 0:01:07]} Kf5
{[%clk 0:18:27]} 55. h6 {[%clk 0:01:28]} Kg6 {[%clk 0:17:58]} 56. Ke4
{[%clk 0:01:35]} Kxh6 {[%clk 0:18:26]} 57. f5 {[%clk 0:01:38]} Bg3
{[%clk 0:16:29]} 58. Kd5 {[%clk 0:01:12]} Bxh4 {[%clk 0:16:45]} 59. Kxc4
{[%clk 0:01:33]} Kg5 {[%clk 0:17:08]} 60. Bxb3 {[%clk 0:01:48]} Kxf5
{[%clk 0:17:33]} 61. Kb5 {[%clk 0:02:05]} Ke5 {[%clk 0:17:58]} 62. c4
{[%clk 0:02:20]} Bf2 {[%clk 0:18:17]} 63. Kxa5 {[%clk 0:02:40]} Kd6
{[%clk 0:18:44]} 64. Kb5 {[%clk 0:03:00]} Ba7 {[%clk 0:19:09]} 65. Bd1
{[%clk 0:03:12]} Bg1 {[%clk 0:19:31]} 66. Be2 {[%clk 0:03:26]} Ba7
{[%clk 0:19:57]} 67. Bf3 {[%clk 0:03:51]} Be3 {[%clk 0:20:23]} 68. Bg4
{[%clk 0:04:13]} Ba7 {[%clk 0:20:51]} 69. c5+ {[%clk 0:04:28]} Bxc5
{[%clk 0:21:17]} 70. Nxc5 {[%clk 0:04:57]} Ke5 {[%clk 0:21:44]} 71. Kc4
{[%clk 0:05:12]} Kf4 {[%clk 0:22:09]} 72. Be6 {[%clk 0:05:23]} Ke5
{[%clk 0:22:34]} 73. Bd5 {[%clk 0:05:44]} Kf4 {[%clk 0:22:59]} 74. Kd4
{[%clk 0:06:02]} Kf5 {[%clk 0:23:23]} 75. Nd7 {[%clk 0:06:18]} Kf4
{[%clk 0:23:49]} 76. Be4 {[%clk 0:06:37]} Kg4 {[%clk 0:24:16]} 77. Ke5
{[%clk 0:06:05]} Kg5 {[%clk 0:24:44]} 78. Nc5 {[%clk 0:05:46]} Kh5
{[%clk 0:25:05]} 79. Ne6 {[%clk 0:05:56]} Kh6 {[%clk 0:25:32]} 80. Kf6
{[%clk 0:03:59]} Kh5 {[%clk 0:25:56]} 81. Nd4 {[%clk 0:04:14]} Kh6
{[%clk 0:26:13]} 82. Nf5+ {[%clk 0:03:14]} Kh7 {[%clk 0:26:31]} 83. Nd6+
{[%clk 0:03:16]} Kh6 {[%clk 0:26:20]} 84. Bf5 {[%clk 0:03:26]} Kh5
{[%clk 0:26:43]} 85. Ne4 {[%clk 0:03:48]} Kh6 {[%clk 0:27:02]} 86. Kf7
{[%clk 0:04:09]} Kh5 {[%clk 0:27:25]} 87. Kg7 {[%clk 0:04:34]} Kh4
{[%clk 0:27:44]} 88. Kf6 {[%clk 0:04:32]} Kh5 {[%clk 0:28:09]} 89. Nd6
{[%clk 0:04:53]} Kh6 {[%clk 0:28:30]} 90. Bc2 {[%clk 0:05:03]} Kh5
{[%clk 0:28:54]} 91. Be4 {[%clk 0:05:10]} Kg4 {[%clk 0:29:03]} 92. Bf5+
{[%clk 0:05:22]} Kh5 {[%clk 0:29:02]} 93. Bg6+ {[%clk 0:05:14]} Kg4
{[%clk 0:29:21]} 94. Nc4 {[%clk 0:05:35]} Kf4 {[%clk 0:29:11]} 95. Bf5
{[%clk 0:05:46]} Kg3 {[%clk 0:29:18]} 96. Kg5 {[%clk 0:05:41]} Kf3
{[%clk 0:29:45]} 97. Bd3 {[%clk 0:05:04]} Kg3 {[%clk 0:30:00]} 98. Be2
{[%clk 0:05:16]} Kf2 {[%clk 0:30:22]} 99. Bg4 {[%clk 0:05:37]} Kg3
{[%clk 0:30:43]} 100. Nd2 {[%clk 0:05:52]} Kf2 {[%clk 0:31:04]} 101. Kf4
{[%clk 0:06:13]} Ke1 {[%clk 0:31:33]} 102. Ne4 {[%clk 0:06:29]} Kf1
{[%clk 0:31:58]} 103. Kf3 {[%clk 0:03:27]} Ke1 {[%clk 0:32:24]} 104. Ke3
{[%clk 0:03:55]} Kf1 {[%clk 0:32:51]} 105. Kd2 {[%clk 0:04:16]} Kg1
{[%clk 0:33:10]} 106. Bh3 {[%clk 0:03:30]} Kh2 {[%clk 0:33:35]} 107. Bf1
{[%clk 0:03:56]} Kg1 {[%clk 0:34:03]} 108. Ke2 {[%clk 0:04:15]} Kh2
{[%clk 0:34:31]} 109. Kf2 {[%clk 0:04:16]} Kh1 {[%clk 0:34:58]} 110. Ng5
{[%clk 0:04:39]} 1-0

[Event "V Torneio Cidade de Leiria"]
[Site "Leiria POR"]
[Date "2017.07.16"]
[Round "5.2"]
[White "Luch, Michal"]
[Black "Fernandes, Miguel"]
[Result "1-0"]
[BlackElo "2024"]
[WhiteElo "2393"]
[LiveChessVersion "1.4.8"]

1. d4 {[%clk 1:28:53]} d5 {[%clk 1:30:52]} 2. c4 {[%clk 1:29:20]} c6
{[%clk 1:31:18]} 3. Nf3 {[%clk 1:29:47]} Nf6 {[%clk 1:31:44]} 4. e3
{[%clk 1:28:26]} e6 {[%clk 1:31:38]} 5. Bd3 {[%clk 1:28:49]} Nbd7
{[%clk 1:31:23]} 6. Nbd2 {[%clk 1:29:13]} Be7 {[%clk 1:31:21]} 7. O-O
{[%clk 1:28:25]} O-O {[%clk 1:31:42]} 8. b3 {[%clk 1:27:05]} b6 {[%clk 1:32:01]}
9. Bb2 {[%clk 1:26:52]} Bb7 {[%clk 1:32:22]} 10. Ne5 {[%clk 1:17:45]} c5
{[%clk 1:29:35]} 11. f4 {[%clk 1:15:26]} Qc7 {[%clk 1:22:29]} 12. Rc1
{[%clk 1:13:16]} Rfd8 {[%clk 1:22:08]} 13. cxd5 {[%clk 1:10:56]} Nxd5
{[%clk 1:17:14]} 14. Bxh7+ {[%clk 1:08:50]} 1-0

[Event "V Torneio Cidade de Leiria"]
[Site "Leiria POR"]
[Date "2017.07.16"]
[Round "5.3"]
[White "Costa, Paulo"]
[Black "Negrão, Alberto"]
[Result "1-0"]
[BlackElo "1939"]
[WhiteElo "2108"]
[LiveChessVersion "1.4.8"]

1. Nf3 Nf6 {[%clk 1:27:54]} 2. c4 {[%clk 1:31:19]} g6 {[%clk 1:27:30]} 3. Nc3
{[%clk 1:31:38]} Bg7 {[%clk 1:27:51]} 4. e4 {[%clk 1:32:01]} d6 {[%clk 1:28:03]}
5. d4 {[%clk 1:32:26]} O-O {[%clk 1:26:58]} 6. h3 {[%clk 1:29:45]} Nbd7
{[%clk 1:24:53]} 7. Bg5 {[%clk 1:28:40]} c5 {[%clk 1:23:14]} 8. d5
{[%clk 1:27:59]} Qa5 {[%clk 1:18:40]} 9. Nd2 {[%clk 1:26:44]} a6 {[%clk 1:12:09]}
10. a4 {[%clk 1:24:36]} e6 {[%clk 1:10:56]} 11. Be2 {[%clk 1:24:22]} exd5
{[%clk 1:10:18]} 12. cxd5 {[%clk 1:22:58]} Re8 {[%clk 1:09:07]} 13. O-O
{[%clk 1:21:25]} Qc7 {[%clk 0:55:47]} 14. Qc2 {[%clk 1:19:26]} Nb6
{[%clk 0:54:00]} 15. f4 {[%clk 1:14:24]} h6 {[%clk 0:44:11]} 16. Bh4
{[%clk 1:13:44]} Nfxd5 {[%clk 0:44:13]} 17. a5 {[%clk 1:10:29]} Nxc3
{[%clk 0:43:44]} 18. bxc3 {[%clk 1:10:35]} Nd7 {[%clk 0:43:29]} 19. Nc4
{[%clk 1:08:36]} b5 {[%clk 0:41:14]} 20. axb6 {[%clk 1:08:44]} Nxb6
{[%clk 0:41:35]} 21. f5 {[%clk 1:02:44]} Nxc4 {[%clk 0:39:36]} 22. Bxc4
{[%clk 1:02:56]} gxf5 {[%clk 0:38:25]} 23. exf5 {[%clk 1:02:29]} Bb7
{[%clk 0:33:26]} 24. f6 {[%clk 0:54:45]} Re4 {[%clk 0:28:17]} 25. Rf4
{[%clk 0:33:38]} Rae8 {[%clk 0:16:36]} 26. Raf1 {[%clk 0:31:46]} d5
{[%clk 0:16:03]} 27. Bg3 {[%clk 0:22:23]} Qc6 {[%clk 0:14:17]} 28. Bd3
{[%clk 0:22:01]} Bf8 {[%clk 0:08:51]} 29. Bxe4 {[%clk 0:15:51]} Rxe4
{[%clk 0:09:19]} 30. Rxe4 {[%clk 0:10:49]} dxe4 {[%clk 0:09:47]} 31. Qe2
{[%clk 0:10:18]} Qe6 {[%clk 0:07:47]} 32. Qg4+ {[%clk 0:05:42]} Qxg4
{[%clk 0:08:12]} 33. hxg4 {[%clk 0:06:09]} c4 {[%clk 0:04:06]} 34. Bf2
{[%clk 0:04:30]} Kh7 {[%clk 0:03:35]} 35. Rb1 {[%clk 0:04:32]} Bc6
{[%clk 0:02:51]} 36. Rb6 {[%clk 0:04:15]} Bb5 {[%clk 0:03:20]} 37. Bd4
{[%clk 0:04:05]} Kg6 {[%clk 0:03:26]} 38. Kf2 {[%clk 0:04:27]} Ba3
{[%clk 0:01:40]} 39. Ke3 {[%clk 0:04:09]} Bc1+ {[%clk 0:01:58]} 40. Kxe4
{[%clk 0:04:30]} Ba3 {[%clk 0:00:40]} 41. g3 {[%clk 0:02:40]} Bc1
{[%clk 0:01:09]} 42. Ke5 {[%clk 0:02:30]} Bd2 {[%clk 0:01:19]} 43. Rb8
{[%clk 0:02:24]} Be1 {[%clk 0:00:46]} 44. Rg8+ {[%clk 0:02:12]} Kh7
{[%clk 0:01:08]} 45. Rg7+ {[%clk 0:02:41]} Kh8 {[%clk 0:01:26]} 46. Rxf7
{[%clk 0:02:32]} Bxg3+ {[%clk 0:01:50]} 47. Kd5 {[%clk 0:02:36]} Kg8
{[%clk 0:01:46]} 48. Rg7+ {[%clk 0:02:18]} Kf8 {[%clk 0:02:11]} 49. Bc5+
{[%clk 0:02:36]} Ke8 {[%clk 0:02:30]} 50. f7+ 1-0

[Event "V Torneio Cidade de Leiria"]
[Site "Leiria POR"]
[Date "2017.07.16"]
[Round "5.4"]
[White "Fernandes, João Pedro"]
[Black "Silva, Daniel"]
[Result "1-0"]
[BlackElo "1867"]
[WhiteElo "1953"]
[LiveChessVersion "1.4.8"]

1. e4 {[%clk 1:30:58]} g6 {[%clk 1:30:22]} 2. d4 {[%clk 1:31:11]} d6
{[%clk 1:30:36]} 3. Nc3 {[%clk 1:31:09]} Bg7 {[%clk 1:30:54]} 4. Be3
{[%clk 1:31:11]} Nf6 {[%clk 1:30:22]} 5. f3 {[%clk 1:31:20]} Nbd7
{[%clk 1:30:10]} 6. Qd2 {[%clk 1:28:29]} e5 {[%clk 1:27:02]} 7. Nge2
{[%clk 1:26:53]} O-O {[%clk 1:27:06]} 8. O-O-O {[%clk 1:26:39]} exd4
{[%clk 1:25:14]} 9. Nxd4 {[%clk 1:26:46]} Ne5 {[%clk 1:24:46]} 10. h4
{[%clk 1:21:56]} Be6 {[%clk 1:23:58]} 11. Bh6 {[%clk 1:13:21]} Bc4
{[%clk 1:23:20]} 12. Bxg7 {[%clk 1:12:28]} Kxg7 {[%clk 1:23:36]} 13. f4
{[%clk 1:08:43]} Bxf1 {[%clk 1:23:24]} 14. fxe5 {[%clk 1:09:00]} dxe5
{[%clk 1:23:47]} 15. Nf5+ {[%clk 1:06:46]} Kh8 {[%clk 1:21:51]} 16. Qh6
{[%clk 1:07:04]} 1-0

[Event "V Torneio Cidade de Leiria"]
[Site "Leiria POR"]
[Date "2017.07.16"]
[Round "5.5"]
[White "Oliveira, Ricardo"]
[Black "Arjona Casado, Abel"]
[Result "1/2-1/2"]
[BlackElo "1828"]
[WhiteElo "1581"]
[LiveChessVersion "1.4.8"]

1. e4 {[%clk 1:30:54]} c5 {[%clk 1:28:21]} 2. Nf3 {[%clk 1:31:16]} d6
{[%clk 1:28:43]} 3. d4 {[%clk 1:31:38]} cxd4 {[%clk 1:29:10]} 4. Nxd4
{[%clk 1:32:00]} Nf6 {[%clk 1:29:37]} 5. Nc3 {[%clk 1:32:05]} Nc6
{[%clk 1:29:59]} 6. Be3 {[%clk 1:32:04]} Ng4 {[%clk 1:30:04]} 7. Nxc6
{[%clk 1:29:33]} bxc6 {[%clk 1:30:03]} 8. Bd2 {[%clk 1:29:04]} Qb6 9. Qf3
{[%clk 1:20:23]} Qxb2 {[%clk 1:10:58]} 10. Rb1 {[%clk 1:20:38]} Qa3
{[%clk 1:09:51]} 11. Rb3 {[%clk 1:11:41]} Qa5 {[%clk 1:07:10]} 12. Be2
{[%clk 0:58:18]} Ne5 {[%clk 1:03:58]} 13. Qg3 {[%clk 0:56:11]} Qc7
{[%clk 1:02:46]} 14. O-O {[%clk 0:55:53]} g6 {[%clk 0:58:02]} 15. f4
{[%clk 0:53:12]} Nd7 {[%clk 0:58:16]} 16. e5 {[%clk 0:44:49]} Bg7
{[%clk 0:46:45]} 17. exd6 {[%clk 0:42:18]} exd6 {[%clk 0:45:26]} 18. Ne4
{[%clk 0:38:57]} d5 {[%clk 0:40:52]} 19. Ng5 {[%clk 0:36:53]} h6 {[%clk 0:39:10]}
20. Re3+ {[%clk 0:32:39]} Kf8 {[%clk 0:36:41]} 21. Nf3 {[%clk 0:30:24]} Nf6
{[%clk 0:33:21]} 22. Bd3 {[%clk 0:16:23]} Kg8 {[%clk 0:28:08]} 23. Ne5
{[%clk 0:11:56]} Nd7 {[%clk 0:23:22]} 24. Nxg6 {[%clk 0:10:10]} fxg6
{[%clk 0:20:45]} 25. Re8+ {[%clk 0:07:49]} Nf8 {[%clk 0:20:28]} 26. Qxg6
{[%clk 0:07:08]} Bb7 {[%clk 0:16:58]} 27. Rfe1 {[%clk 0:04:30]} Rxe8
{[%clk 0:14:53]} 28. Rxe8 {[%clk 0:04:45]} Qf7 {[%clk 0:14:01]} 29. Qxf7+
{[%clk 0:03:16]} Kxf7 {[%clk 0:14:23]} 30. Rb8 {[%clk 0:03:21]} 1/2-1/2

[Event "V Torneio Cidade de Leiria"]
[Site "Leiria POR"]
[Date "2017.07.16"]
[Round "5.6"]
[White "Basilio, Rodrigo"]
[Black "Barrento, Jorge"]
[Result "1/2-1/2"]
[BlackElo "1658"]
[WhiteElo "1566"]
[LiveChessVersion "1.4.8"]

1. e4 {[%clk 1:30:42]} d5 {[%clk 1:27:18]} 2. exd5 {[%clk 1:31:03]} Nf6
{[%clk 1:27:22]} 3. Nc3 {[%clk 1:31:08]} Nxd5 {[%clk 1:27:37]} 4. Bc4
{[%clk 1:31:06]} c6 {[%clk 1:24:12]} 5. Nxd5 {[%clk 1:29:41]} cxd5
{[%clk 1:24:30]} 6. Be2 {[%clk 1:29:47]} Nc6 {[%clk 1:23:50]} 7. d4
{[%clk 1:29:51]} Bf5 {[%clk 1:24:01]} 8. a3 {[%clk 1:29:24]} e6 {[%clk 1:23:03]}
9. Nf3 {[%clk 1:29:37]} Be7 {[%clk 1:22:04]} 10. Bf4 {[%clk 1:29:39]} O-O
{[%clk 1:18:59]} 11. O-O {[%clk 1:27:16]} h6 {[%clk 1:14:10]} 12. h3
{[%clk 1:26:00]} Rc8 {[%clk 1:13:27]} 13. Bd3 {[%clk 1:26:03]} Bxd3
{[%clk 1:11:46]} 14. Qxd3 {[%clk 1:26:09]} Bf6 {[%clk 1:10:15]} 15. Be3
{[%clk 1:23:21]} a6 {[%clk 1:07:24]} 16. Nd2 {[%clk 1:21:19]} Qb6
{[%clk 1:01:08]} 17. Nb3 {[%clk 1:21:10]} Na5 {[%clk 0:59:44]} 18. Nxa5 Qxa5
{[%clk 0:58:35]} 19. c3 {[%clk 1:12:29]} 1/2-1/2

[Event "V Torneio Cidade de Leiria"]
[Site "Leiria POR"]
[Date "2017.07.16"]
[Round "5.7"]
[White "Belo, André"]
[Black "Simões, Miguel"]
[Result "1-0"]
[BlackElo "1680"]
[WhiteElo "1785"]
[LiveChessVersion "1.4.8"]

1. e4 {[%clk 1:30:52]} e5 {[%clk 1:30:53]} 2. Nf3 {[%clk 1:31:15]} Nc6
{[%clk 1:31:18]} 3. d4 {[%clk 1:31:42]} exd4 {[%clk 1:31:44]} 4. Nxd4
{[%clk 1:31:35]} Bc5 {[%clk 1:32:09]} 5. Be3 {[%clk 1:32:01]} Qf6
{[%clk 1:32:35]} 6. c3 {[%clk 1:32:21]} Nge7 {[%clk 1:31:50]} 7. Bc4
{[%clk 1:32:50]} O-O {[%clk 1:31:07]} 8. O-O {[%clk 1:32:58]} a6 {[%clk 1:28:12]}
9. a4 {[%clk 1:31:16]} Bxd4 {[%clk 1:24:45]} 10. cxd4 {[%clk 1:31:05]} d6
{[%clk 1:23:18]} 11. f4 {[%clk 1:29:42]} d5 {[%clk 1:18:46]} 12. e5
{[%clk 1:26:14]} Qe6 {[%clk 1:18:35]} 13. Bb3 {[%clk 1:22:42]} Qg4
{[%clk 1:13:50]} 14. Qe1 {[%clk 1:18:37]} Qd7 {[%clk 1:10:43]} 15. Nc3
{[%clk 1:18:18]} Qd8 {[%clk 1:10:26]} 16. Rd1 {[%clk 1:13:16]} Bf5
{[%clk 1:09:25]} 17. Qh4 {[%clk 1:11:11]} Qd7 {[%clk 1:08:19]} 18. h3
{[%clk 1:10:30]} h6 {[%clk 1:04:39]} 19. g4 {[%clk 1:08:06]} Bh7 {[%clk 1:03:22]}
20. f5 {[%clk 1:06:36]} f6 {[%clk 1:00:49]} 21. Rd2 {[%clk 0:59:45]} Na5
{[%clk 0:58:12]} 22. Ba2 {[%clk 0:57:40]} Nc4 {[%clk 0:58:04]} 23. Re2
{[%clk 0:58:07]} b5 {[%clk 0:55:58]} 24. b3 {[%clk 0:56:26]} Nxe3
{[%clk 0:55:14]} 25. Rxe3 {[%clk 0:56:29]} Rad8 {[%clk 0:48:02]} 26. axb5
{[%clk 0:54:44]} axb5 {[%clk 0:48:07]} 27. Qe1 {[%clk 0:51:27]} Rfe8
{[%clk 0:46:00]} 28. Qe2 {[%clk 0:49:04]} c6 {[%clk 0:45:26]} 29. exf6
{[%clk 0:48:59]} gxf6 {[%clk 0:45:47]} 30. Re1 {[%clk 0:49:21]} Kf7
{[%clk 0:44:45]} 31. Re6 {[%clk 0:48:46]} Qc7 {[%clk 0:43:36]} 32. Qe3
{[%clk 0:47:18]} Rd7 {[%clk 0:42:54]} 33. Kg2 {[%clk 0:46:44]} Bxf5
{[%clk 0:37:06]} 34. Qxh6 {[%clk 0:26:33]} Bxe6 {[%clk 0:36:10]} 35. Qh7+
{[%clk 0:27:01]} Kf8 {[%clk 0:36:26]} 36. Rxe6 {[%clk 0:27:11]} Rd6
{[%clk 0:34:45]} 37. Qh8+ {[%clk 0:25:15]} Kf7 {[%clk 0:35:02]} 38. Qxf6+
{[%clk 0:25:39]} Kg8 {[%clk 0:35:15]} 39. Rxd6 {[%clk 0:25:39]} 1-0

[Event "V Torneio Cidade de Leiria"]
[Site "Leiria POR"]
[Date "2017.07.16"]
[Round "5.8"]
[White "Bray, José"]
[Black "Carreira, Marcelo"]
[Result "1-0"]
[BlackElo "1643"]
[WhiteElo "1785"]
[LiveChessVersion "1.4.8"]

1. e4 {[%clk 1:30:50]} c5 {[%clk 1:30:45]} 2. Nf3 {[%clk 1:31:07]} Nc6
{[%clk 1:31:10]} 3. c3 {[%clk 1:31:06]} g6 {[%clk 1:30:57]} 4. d4
{[%clk 1:30:51]} cxd4 {[%clk 1:31:15]} 5. cxd4 {[%clk 1:30:59]} Bg7
{[%clk 1:31:31]} 6. Nc3 {[%clk 1:31:14]} d6 {[%clk 1:31:33]} 7. Bc4
{[%clk 1:27:47]} Qb6 {[%clk 1:28:33]} 8. Nd5 {[%clk 1:26:13]} Qd8
{[%clk 1:28:01]} 9. O-O {[%clk 1:23:44]} e6 {[%clk 1:27:35]} 10. Nc3
{[%clk 1:22:29]} Nge7 {[%clk 1:27:45]} 11. d5 {[%clk 1:20:53]} exd5
{[%clk 1:27:17]} 12. exd5 {[%clk 1:19:31]} Ne5 {[%clk 1:27:04]} 13. Nxe5
{[%clk 1:14:49]} dxe5 {[%clk 1:27:25]} 14. Bg5 {[%clk 1:09:26]} h6
{[%clk 1:26:42]} 15. Bxe7 {[%clk 1:01:13]} Qxe7 {[%clk 1:26:55]} 16. d6
{[%clk 0:52:42]} Qd8 {[%clk 1:26:27]} 17. Ne4 {[%clk 0:44:36]} O-O
{[%clk 1:22:40]} 18. Bd5 {[%clk 0:43:21]} Rb8 {[%clk 1:14:35]} 19. Rc1
{[%clk 0:40:38]} Kh8 {[%clk 1:07:35]} 20. Bb3 b6 {[%clk 1:04:26]} 21. Re1
{[%clk 0:38:32]} f5 {[%clk 1:03:22]} 22. Ng3 {[%clk 0:34:17]} Rb7
{[%clk 1:00:18]} 23. Re2 {[%clk 0:30:09]} Rd7 {[%clk 1:00:07]} 24. Rd2
{[%clk 0:29:19]} Rf6 {[%clk 0:58:02]} 25. Ba4 {[%clk 0:28:32]} Rdf7
{[%clk 0:53:31]} 26. d7 {[%clk 0:24:25]} Ba6 {[%clk 0:49:34]} 27. Rc8
{[%clk 0:23:12]} Bxc8 {[%clk 0:47:20]} 28. dxc8=Q Qxc8 {[%clk 0:47:32]} 29. Rd8+
{[%clk 0:23:39]} Rf8 {[%clk 0:48:00]} 30. Rxc8 {[%clk 0:23:26]} Rxc8
{[%clk 0:48:28]} 31. h3 {[%clk 0:20:59]} Rc4 {[%clk 0:45:20]} 32. Bb3
{[%clk 0:20:53]} Rd4 {[%clk 0:45:18]} 33. Qc1 {[%clk 0:21:06]} Rfd6
{[%clk 0:43:45]} 34. Qc8+ {[%clk 0:20:15]} Rd8 {[%clk 0:44:06]} 35. Qe6 f4
{[%clk 0:43:30]} 36. Ne2 {[%clk 0:15:56]} R4d6 {[%clk 0:43:41]} 37. Qf7
{[%clk 0:15:49]} Rd2 {[%clk 0:41:34]} 38. Nc3 {[%clk 0:15:21]} Rxb2
{[%clk 0:40:59]} 39. Qxg6 {[%clk 0:15:11]} Rf8 {[%clk 0:38:44]} 40. Ne4
{[%clk 0:15:06]} Rb1+ {[%clk 0:38:15]} 41. Kh2 {[%clk 0:15:27]} Rc1
{[%clk 0:38:43]} 42. Ng5 {[%clk 0:14:40]} 1-0